000 00255nam a2200097Ia 4500
008 220204s9999 xx 000 0 und d
082 _a058(540)
_bIND
245 0 _aIndia: A reference annual 1966
260 _aIndia
_bPublications Division
_c1966
942 _cBK
999 _c23854
_d23854